[Event "1st Gujarat GM Open 2018"]
[Site "Ahmedabad"]
[Date "2018.10.09"]
[Round "6"]
[White "Saurabh Anand"]
[Black "Prasannaa.s"]
[Result "1-0"]
[WhiteElo "2303"]
[BlackElo "2124"]
[Annotator "TA"]
[PlyCount "75"]
[EventDate "2018.10.05"]
[EventType "swiss"]
[EventCountry "IND"]
[SourceTitle "playchess.com"]
[Source "ChessBase"]
[SourceQuality "1"]

{[%evp 20,75,60,16,23,19,16,14,23,0,12,21,69,79,40,47,47,40,147,139,131,104,102,107,108,105,108,107,109,39,107,83,174,171,185,172,357,100,97,98,143,88,83,71,136,154,132,123,29977,29978,29977,29977,29988,29989,29990,29991,29991,29992]} 1. e4 {[%cal Be2e4,Be4e5][%mdl 32]} Nf6 {[%cal Bg8f6,Bf6d5,Bd5b6,Bb6c4][%mdl 32]} 2. e5 Nd5 3. d4 d6 4. Nf3 Bg4 5. Be2 e6 6. O-O Be7 7. c4 Nb6 8. Nc3 O-O 9. Be3 d5 10. c5 Bxf3 11. Bxf3 (11. gxf3 {looks sharper.} N6d7 12. f4 Nc6 13. Bb5 Ndb8 14. Qg4) 11... Nc4 {B05: Alekhine's Defence: 4 Nf3 Bg4} 12. b3 Nxe3 13. fxe3 {[%cal Bf2e3,Be3e4,Be4d5][%mdl 32]} b6 $146 {The position is equal.} ({Predecessor:} 13... f6 14. Bg4 f5 15. Bf3 Bg5 16. Re1 Nc6 17. b4 Bh6 18. a3 Kh8 19. Ra2 {½-½ (38) De las Heras,J (2330)-Oblitas Guerrero,C (2350) Mar del Plata 1991}) 14. b4 Bg5 (14... a5 $5 {[%cal Ra5b4]} 15. a3 axb4 16. axb4 Rxa1 17. Qxa1 Bg5 $11) 15. e4 {[%cal Re4d5]} Nc6 {Hoping for ...Be3+.} 16. exd5 Be3+ 17. Kh1 {dxe6 is the strong threat.} Bxd4 18. dxe6 Bxc3 (18... fxe6 $14 19. Rc1 (19. Bxc6 Bxc3 20. Rxf8+ Qxf8 $11) 19... Bxc3) 19. exf7+ $1 $16 (19. Bxc6 $6 fxe6 20. Rxf8+ Qxf8 $11) 19... Rxf7 20. Qb3 Nd4 21. Qxc3 Nxf3 22. Rxf3 Qd5 23. Rxf7 Qxf7 {[%mdl 4096] Endgame KQR-KQR} 24. Rd1 (24. a4 $16) 24... Re8 (24... Qxa2 $14 25. h3 Qe6) 25. h3 h6 (25... bxc5 $16 {keeps fighting.} 26. Qxc5 Qxa2) 26. c6 $1 $18 Re6 27. Qc4 Kh7 $2 (27... Qf5 28. Rd6 Kf7) 28. Rd7 $2 (28. Rd6 $1 $18 {[%cal Rd6e6] is the precise move to win.} Re7 29. Qxf7 Rxf7 30. Rd7) 28... Qf5 $16 29. Rxc7 {Strongly threatening Rd7.} b5 30. Qc3 ({Not} 30. Qxb5 $2 Rxe5 31. Qxe5 Qxe5 $19) (30. Qg4 $142 {[%csl Gc7][%cal Rg4g7]} Qb1+ 31. Kh2) 30... Rg6 {( -> ...Qf1+)} 31. Qe3 Qb1+ {[#]} ({Black should play} 31... Qf1+ 32. Qg1 Qe2) 32. Kh2 $1 ({But not} 32. Qg1 $6 Qxb4 33. Rxa7 Rxc6 $11) 32... Qxa2 {[%csl Gg6][%cal Ra2g2]} 33. Qe4 $36 {[%mdl 2048] White is on the roll.} Qc4 $2 {[%mdl 8192] [#]} (33... Qe6 $16 34. g4 h5) 34. Qxc4 $1 {White mates.} bxc4 35. b5 a6 36. Rd7 axb5 37. Rd6 c3 38. c7 {Precision: White = 66%, Black = 24%.} 1-0

[Event "1st Gujarat GM Open 2018"]
[Site "Ahmedabad"]
[Date "2018.10.09"]
[Round "6"]
[White "Raahul V S"]
[Black "Srihari L R"]
[Result "1-0"]
[WhiteElo "2294"]
[BlackElo "2170"]
[Annotator "TA"]
[PlyCount "73"]
[EventDate "2018.10.05"]
[EventType "swiss"]
[EventCountry "IND"]
[SourceTitle "playchess.com"]
[Source "ChessBase"]
[SourceQuality "1"]

{[%evp 21,72,0,0,0,16,0,0,0,21,11,14,10,34,29,70,74,110,118,110,116,112,118,128,126,125,108,152,155,142,65,66,0,0,-37,0,0,38,41,239,243,254,248,248,247,238,241,237,242,29997,29998,29998,29999,29999]} 1. c4 e6 2. g3 d5 3. Bg2 Nf6 4. Nf3 Be7 5. O-O O-O 6. b3 c5 7. e3 Nc6 8. Bb2 b6 9. Nc3 Ba6 10. d3 Rc8 11. Qe2 {A14: English Opening: 1...e6 with b3 by White} Re8 {LiveBook: 10 Games} (11... Qd7 12. Rad1 Rfd8 13. h3 Qe8 14. Rfe1 h6 15. a3 Bb7 16. Qc2 Rd7 17. Ne2 Nh7 18. h4 Bf6 19. cxd5 Rxd5 {½-½ (48) Eljanov,P (2739)-Harikrishna,P (2752) Baku 2016}) 12. Rad1 Qc7 $146 ({Predecessor:} 12... Bf8 13. Rfe1 g6 14. cxd5 exd5 15. Qd2 Bg7 16. Ne2 Qc7 17. Nf4 Rcd8 18. Qc1 Re7 {1-0 (33) Hickl,J (2500)-Michaelsen,N (2360) Bad Neuenahr 1989}) 13. Ne1 {[%cal Rc4d5] The position is equal.} Red8 14. f4 Qb8 15. Nf3 {[%cal Be1f3,Bf3g5,Bg5e4][%mdl 32]} d4 16. exd4 cxd4 17. Ne4 b5 18. Nfg5 h6 19. Nxf6+ Bxf6 20. Ne4 {And now f5 would win.} Be7 21. f5 exf5 22. Rxf5 bxc4 23. dxc4 Rc7 24. Qf2 Bc8 25. Rb5 (25. Rxf7 $16 Ne5 26. Rf4) 25... Rb7 $14 26. Rxb7 ({Don't play} 26. Bxd4 $6 Rxb5 27. cxb5 Nxd4 $11) (26. Rd5 $14) 26... Qxb7 $11 27. Nd2 Bg4 28. Re1 {Bxc6 is the strong threat.} Bg5 29. Bxd4 $1 {Threatens to win with Ne4.} Rxd4 $2 ({Better is} 29... Bxd2 $1 $14 30. Qxd2 Qd7) 30. Bxc6 $1 $18 Qb6 31. Re8+ Kh7 32. Be4+ f5 33. Bxf5+ $40 {[%mdl 128] White wants a kill.} g6 {[#]} 34. c5 $1 Qb5 $2 {[#]} (34... Qf6 $18 35. Bxg4 Rxd2 36. Qxf6 Bxf6) (34... Qxc5 35. Bxg6+) 35. Bxg6+ $1 {[%mdl 512] White mates.} Kxg6 36. Rg8+ Kh5 37. Qf7# {Precision: White = 69%, Black = 35%.} 1-0

[Event "1st Gujarat GM Open 2018"]
[Site "Ahmedabad"]
[Date "2018.10.09"]
[Round "6"]
[White "Pranav Vijay"]
[Black "Lalith Babu M R"]
[Result "1-0"]
[WhiteElo "2265"]
[BlackElo "2518"]
[Annotator "TA"]
[PlyCount "57"]
[EventDate "2018.10.05"]
[EventType "swiss"]
[EventCountry "IND"]
[SourceTitle "playchess.com"]
[Source "ChessBase"]
[SourceQuality "1"]

{[%evp 16,57,10,-11,59,52,57,65,52,56,62,54,69,0,2,0,0,-56,91,14,72,33,112,105,117,143,130,100,468,473,443,452,593,606,610,566,523,577,553,535,1280,1266,2297,2176]} 1. Nf3 Nf6 2. d4 d5 3. e3 e6 4. Bd3 b6 5. b3 Bb7 6. Bb2 {D05: Colle System with ...e6} Bd6 7. Nbd2 c5 8. O-O Nc6 9. Ne5 {LiveBook: 11 Games} Bxe5 $146 (9... O-O $11) ({Predecessor:} 9... O-O 10. a3 Ne7 11. dxc5 bxc5 12. c4 Ng6 13. Nxg6 hxg6 14. cxd5 exd5 {½-½ (40) Nakamura,H (2763)-Le,Q (2715) chess.com INT 2018}) 10. dxe5 $14 Nd7 11. f4 Qe7 12. e4 O-O-O 13. exd5 exd5 14. c4 ({Better is} 14. Qe2 $14) 14... d4 $11 15. Ne4 {[%cal Bd2e4,Be4c5,Bc5a6][%mdl 32]} Kb8 16. Re1 ({White should play} 16. Nd6 $11) 16... Ba8 (16... f6 $1 $15 {keeps the upper hand.}) 17. a3 (17. Bc1 $1 $16) 17... f6 (17... g5 $1 $11) 18. e6 Qxe6 {[#]} (18... Nf8 $1 $14) 19. Nxc5 $1 $16 {[%mdl 512]} Qd6 (19... bxc5 20. Rxe6) 20. Na6+ Kc8 21. b4 $36 {[%cal Bb3b4,Bb4c5][%mdl 2080] Black must now prevent Qf3. Black is under strong pressure.} Qxf4 $2 {[%mdl 8192] [#]} (21... Rhe8 $16 {is tougher.}) 22. Bc1 $1 $18 {[%cal Bb2c1,Bc1f4,Bf4e5][%mdl 32] White is clearly winning.} Qd6 {[#]} 23. c5 $1 {[%cal Rc5d6][%mdl 512]} bxc5 24. bxc5 Qd5 25. Bf4 Nde5 26. Bf5+ Rd7 27. Rb1 g6 28. Be4 Qc4 29. Bxe5 {Precision: White = 68%, Black = 32%.} 1-0

[Event "1st Gujarat GM Open 2018"]
[Site "Ahmedabad"]
[Date "2018.10.09"]
[Round "6"]
[White "Ziatdinov, Raset"]
[Black "Jayachandra Srinivas Vellanki"]
[Result "1-0"]
[WhiteElo "2265"]
[BlackElo "2011"]
[Annotator "TA"]
[PlyCount "97"]
[EventDate "2018.10.05"]
[EventType "swiss"]
[EventCountry "IND"]
[SourceTitle "playchess.com"]
[Source "ChessBase"]
[SourceQuality "1"]

{[%evp 9,97,-2,-2,-6,6,-36,-12,-55,-10,-17,-19,-16,-9,-18,-10,-20,10,0,32,30,56,16,31,-7,0,-11,68,-25,-20,-44,-45,-71,-47,-56,-89,-70,140,135,157,114,102,102,95,77,127,131,138,123,144,88,101,114,102,18,25,25,25,25,72,72,72,64,112,83,148,145,131,157,151,147,262,151,155,131,189,71,70,70,72,80,80,80,80,87,48,28,33,24,208,202]} 1. e4 e6 2. f4 d5 3. e5 c5 4. Nf3 Nc6 5. Be2 Nge7 6. O-O {C00: French: Unusual White 2nd moves} Nf5 7. Qe1 (7. c3 h5 8. Na3 c4 9. g3 b5 10. Nc2 d4 11. d3 Bc5 12. Kg2 cxd3 13. Qxd3 dxc3 14. Qxd8+ Kxd8 15. bxc3 {1-0 (35) Beikert,G (2449)-Machelett,H (2430) Germany 2007}) 7... Be7 8. d3 {The position is equal.} Bd7 $146 ({Predecessor:} 8... h5 9. Nc3 Bd7 10. a3 a6 11. Kh1 Qc7 12. b3 Ncd4 13. Bd1 Nxf3 14. Bxf3 {0-1 (51) Kamenik,M-Havrlik,P (2135) Decin 1995}) 9. Na3 Qb6 10. c3 h5 11. Nc2 O-O-O 12. Rb1 f6 13. b4 {[%cal Bb2b4,Bb4b5][%mdl 32]} c4+ 14. d4 Rdg8 15. b5 Nd8 {[%cal Bc6d8,Bd8f7,Bf7h6][%mdl 32]} 16. Bd1 Nf7 17. a4 Qd8 (17... fxe5 $11 18. Nxe5 Nxe5 19. fxe5 g6) 18. Nb4 (18. Ne3 $14) 18... fxe5 $1 $11 19. fxe5 {White wants to play Nxd5!} N7h6 20. Nd2 Be8 21. Qe2 Kb8 22. Nxc4 {And now Nc6+! would win.} Qc7 $2 (22... Bxb4 $1 $15 23. Rxb4 dxc4) 23. Bxh6 $16 {Threatens to win with Rxf5.} gxh6 24. Rxf5 {Black must now prevent Nd6.} Bxb4 25. Rf3 Be7 26. Nd6 Bg6 27. Bc2 Bxd6 28. exd6 Qxd6 29. Re1 (29. Bxg6 $142 Rxg6 30. Rf2) 29... h4 30. Bxg6 Rxg6 31. Qe5 ({Better is} 31. a5 $16) 31... Qxe5 $11 32. Rxe5 {[%mdl 4096] Endgame KRR-KRR} Rhg8 33. Re2 R8g7 34. a5 {[%cal Ba4a5,Ba5a6][%mdl 32]} Kc7 35. Rf8 b6 36. a6 Kd7 (36... Kd6 $142) 37. Ref2 $16 {aiming for R2f7+.} Ke7 38. Ra8 Kd6 39. Kf1 Rg5 (39... Rc7 $16) 40. Raf8 (40. Rff8 $1 $18) 40... Ke7 41. Rb8 {Strongly threatening Rb7+.} Kd6 (41... e5 $16 {was called for.}) 42. Rb7 (42. Rff8 $18 {and White stays clearly on top.}) 42... Rxb7 43. axb7 {KR-KR} Kc7 {[#] White should prevent ...Rf5.} 44. Rf7+ $1 Kb8 45. Re7 Rf5+ 46. Ke2 Rg5 47. Kf3 Rf5+ $1 48. Kg4 Rg5+ $2 {[#]} (48... Rf2 $11 {and Black has nothing to worry.}) 49. Kh3 $1 {Precision: White = 48%, Black = 34%.} ({And not} 49. Kxh4 Rxg2 50. Rxe6 Rxh2+ 51. Kg4 Rb2 $11) 1-0

[Event "1st Gujarat GM Open 2018"]
[Site "Ahmedabad"]
[Date "2018.10.09"]
[Round "6"]
[White "Ritviz, Parab"]
[Black "Vignesh N R"]
[Result "0-1"]
[WhiteElo "2252"]
[BlackElo "2447"]
[Annotator "TA"]
[PlyCount "146"]
[EventDate "2018.10.05"]
[EventType "swiss"]
[EventCountry "IND"]
[SourceTitle "playchess.com"]
[Source "ChessBase"]
[SourceQuality "1"]

{[%evp 22,146,17,5,13,8,16,8,22,9,13,0,16,9,19,16,31,-10,-6,-13,0,0,0,-6,0,0,0,0,0,0,0,0,0,0,0,0,0,0,0,-6,-6,-3,0,-10,-3,-12,-6,-6,-3,-18,-14,-14,-8,-31,-31,-31,-31,-31,0,-24,-24,-24,-24,-31,-6,-6,0,-31,-31,-31,-31,-71,-14,-14,-14,-14,-14,-24,-24,-24,-24,-24,-14,-24,-24,-57,-87,-57,0,-68,0,0,0,-73,-40,-43,-43,-44,-34,-53,-30,-60,-24,-24,-11,-11,0,0,0,0,0,0,8,-16,8,8,8,8,8,0,9,-29982,-29983,-29990,-29991,-29991,-29992]} 1. e4 c5 2. Nf3 d6 3. c3 Nf6 4. Bd3 Bg4 5. O-O Nc6 6. h3 Bxf3 7. Qxf3 g6 8. Bc2 Bg7 9. d3 O-O 10. Nd2 b5 11. Qe2 Nd7 12. Nf3 {LiveBook: 9 Partien. B50: Sizilianisch (Verschiedenes mit 2...d6)} Qb6 13. Bd2 Rab8 14. Rfd1 {[#] Die Stellung ist ausgeglichen.} Rfc8 $146 ({Vorgänger:} 14... b4 15. Bb3 Qb5 16. Rac1 Na5 17. Bc2 Rfc8 18. Bg5 e6 19. Bf4 Qa6 {½-½ (44) Svidler,P (2695)-Popov,V (2545) Tomsk 2001}) 15. a3 a5 16. Be3 Nde5 17. Nxe5 Bxe5 18. Rac1 b4 19. axb4 axb4 20. Ba4 Ra8 21. Bxc6 Rxc6 22. Qd2 bxc3 23. bxc3 Qa5 24. d4 cxd4 25. cxd4 Qxd2 26. Bxd2 Rxc1 27. Bxc1 $11 {[%mdl 4096] Endspiel KTL-KTL} Bg7 28. Be3 f5 29. exf5 gxf5 30. g4 Kf7 31. Kg2 Ra5 32. Kf3 Rd5 33. Rd2 Kg6 34. Kg3 Bf6 35. Kf3 Rb5 36. Ra2 h5 37. gxf5+ Rxf5+ 38. Ke2 Rb5 39. Ra4 Rf5 40. Ra2 Kf7 41. Ra8 Ke6 42. Ra4 Kd5 43. Kd3 Ke6 44. Ke2 $1 Rb5 45. Kf3 Kf5 46. Rc4 Rb1 (46... Rb3 $17) 47. Ra4 d5 48. Ra5 e6 {Weiss sollte ...Tb4 verhindern.} 49. Ra4 Rh1 50. Kg2 Rd1 51. Kf3 Rd3 52. Ra8 Rb3 {...Lxd4 ist eine echte Drohung.} ({Viel schwächer wäre} 52... Bxd4 $6 53. Ke2 $16) 53. Ra4 Rc3 54. Ke2 Rb3 55. Kf3 Bd8 56. Ra8 Bf6 57. Ra4 Bg7 58. Ke2 Ke4 59. Ra6 Rb2+ 60. Kf1 Kf5 {Mit der Idee ...Tb1+.} 61. Ra4 Rc2 62. Ra7 $1 {[%cal Ra7g7]} Bf6 63. Rh7 Ke4 64. Rxh5 Kf3 65. Rh6 Bxd4 $1 66. Rxe6 Bc3 $132 {[%mdl 2048] Schwarz puts up resistance} 67. h4 d4 (67... Re2 $5 68. Kg1 $8 d4 $11) 68. Rf6+ Ke4 69. Bg5 d3 70. Re6+ Be5 71. Bf6 $2 {[%mdl 8192] [#]} (71. Be3 $11) 71... Kf3 $1 {[%cal Rc2c1] Schwarz setzt Matt.} ({Lieber nicht} 71... Rc1+ 72. Kg2 $11) 72. Bg5 Rxf2+ 73. Kg1 Re2 {Precision: Weiß = 49%, Schwarz = 55%.} 0-1

[Event "1st Gujarat GM Open 2018"]
[Site "Ahmedabad"]
[Date "2018.10.09"]
[Round "6"]
[White "Abu Sufian, Shakil"]
[Black "Parthasarathy, R."]
[Result "1-0"]
[WhiteElo "2247"]
[BlackElo "1993"]
[Annotator "TA"]
[PlyCount "53"]
[EventDate "2018.10.05"]
[EventType "swiss"]
[EventCountry "IND"]
[SourceTitle "playchess.com"]
[Source "ChessBase"]
[SourceQuality "1"]

{[%evp 25,53,0,20,0,24,0,23,0,46,8,20,29,22,8,8,8,6,3,10,6,0,8,21,-8,0,0,0,0,0,0]} 1. e4 e5 2. Nf3 Nc6 3. Bb5 a6 4. Bxc6 dxc6 5. O-O f6 6. d4 exd4 7. Nxd4 c5 8. Ne2 Qxd1 9. Rxd1 Bd7 10. Nbc3 O-O-O 11. Be3 Bd6 12. Bf4 Bxf4 13. Nxf4 Ne7 14. f3 {C69: Ruy Lopez: Exchange Variation with 5 0-0 f6} Nc6 (14... Ng6 15. Nh5 Rhg8 16. Rd2 Be6 17. Rxd8+ Kxd8 18. Rd1+ Kc8 19. Nd5 c6 20. Ne3 Ne7 21. g4 Bf7 {1-0 (41) Leko,P (2740)-Vallejo Pons,F (2650) Monte Carlo 2006}) 15. Ncd5 b6 16. Rd2 $146 {White has an edge.} ({Predecessor:} 16. Kf2 f5 17. exf5 Bxf5 18. Ne3 Bd7 19. Rd2 Rhf8 20. Nfd5 Rf7 21. Rad1 Be6 {0-1 (57) Can,I (2265)-Saptarshi,R (2449) Djenovici 2017}) 16... Rde8 17. Kf2 f5 18. exf5 Bxf5 19. Ne3 {The position is equal.} Rhf8 20. Nxf5 Rxf5 21. Ne2 Ne5 22. Ng3 Rff8 23. b3 {[%cal Bb2b3,Bb3b4][%mdl 32]} c4 24. b4 c3 25. Rd4 Rd8 26. Rxd8+ Rxd8 27. Ne4 {[%mdl 32768] Precision: White = 36%, Black = 41%. . Loss on Time!?} 1-0

[Event "1st Gujarat GM Open 2018"]
[Site "Ahmedabad"]
[Date "2018.10.09"]
[Round "6"]
[White "Navalgund, Niranjan"]
[Black "Thipsay, Praveen M"]
[Result "0-1"]
[WhiteElo "2245"]
[BlackElo "2410"]
[Annotator "TA"]
[PlyCount "134"]
[EventDate "2018.10.05"]
[EventType "swiss"]
[EventCountry "IND"]
[SourceTitle "playchess.com"]
[Source "ChessBase"]
[SourceQuality "1"]

{[%evp 12,134,43,34,46,0,34,34,38,49,41,41,43,40,47,-22,-33,-37,-45,-33,-33,-46,-43,-53,-57,-62,-51,-61,-66,-51,-8,-5,0,-36,-48,-75,0,-204,-192,-194,-185,-213,-216,-220,-172,-369,-362,-556,-431,-573,-566,-597,-594,-570,-484,-499,-502,-500,-559,-556,-541,-497,-481,-652,-625,-607,-596,-591,-297,-277,-235,-237,-237,-243,-242,-241,-227,-228,-228,-299,-217,-226,-220,-219,-201,-199,0,-221,-155,-164,-147,-203,-126,-139,-149,-242,-212,-333,-333,-320,-306,-359,-327,-367,-321,-350,-356,-429,-418,-395,-401,-29989,-4632,-5409,-29976,-29984,-29985,-29988,-29988,-29988,-29989,-29989,-29990,-29993,-29991]} 1. d4 Nf6 2. c4 g6 3. Nc3 Bg7 4. e4 d6 5. Nf3 O-O 6. Be2 Na6 7. Bf4 Bg4 {E91: King's Indian: Classical: 6 Be2, unusual replies including 6...c5 and 6...Bg4} 8. Qd2 (8. O-O Nd7 9. h3 Bxf3 10. Bxf3 e5 11. Be3 exd4 12. Bxd4 Bxd4 13. Qxd4 Nac5 14. Rad1 Re8 15. Bg4 {1-0 (30) Gupta,A (2617)-Venkatesh,M (2487) Dubai 2018}) 8... Nd7 9. Bg5 Qe8 {White is slightly better.} 10. Ng1 Bxe2 11. Ngxe2 e5 12. d5 f5 13. exf5 $146 (13. f3 $14) ({Predecessor:} 13. f3 f4 14. Bh4 Ndc5 15. Nc1 {1-0 (42) Lokander,M (2386)-Plotkin,M (2250) Philadelphia 2018}) 13... gxf5 $11 14. Bh6 Bxh6 15. Qxh6 Qg6 16. Qxg6+ hxg6 17. Kd2 Nf6 18. a3 c6 19. dxc6 bxc6 20. b4 d5 21. cxd5 cxd5 {[%cal Bc6d5,Bd5d4][%mdl 32]} 22. f3 d4 23. Nb5 {[#]} Rfb8 ({Better is} 23... Nd5 $1 $17 24. f4 Rfb8) 24. a4 $2 (24. Nd6 $11) 24... Nd5 $19 25. f4 d3 $36 {[%mdl 2048] Black is really pushing.} ({Worse is} 25... Nxf4 26. Nxf4 exf4 27. Rhc1 $11) (25... exf4 26. Rhf1) (25... Naxb4 26. fxe5 Nc6 27. Rhc1 $15) 26. Kxd3 Naxb4+ 27. Kd2 e4 ({Don't play} 27... Nxf4 28. Nxf4 exf4 29. Rhd1 $17) 28. Ned4 $2 (28. Nbd4 {was worth a try.}) 28... a6 29. Nd6 (29. Na3 {was forced.} Rd8 30. Rhb1) 29... Nxf4 30. Rab1 Rd8 31. N6xf5 gxf5 32. Rxb4 Nd3 33. Rc4 Ne5 34. Rc5 Rxd4+ 35. Ke3 Rd3+ 36. Kf4 Nf7 37. Rxf5 Re8 38. Re1 e3 39. Re2 Rd4+ 40. Kf3 Ne5+ 41. Kxe3 Rxa4 42. Rc2 Ng4+ 43. Kd2 Ne3 ({Don't take} 43... Nxh2 44. g3 $19) 44. Rg5+ Kf7 45. Rc6 Ra2+ 46. Kd3 Ra3+ 47. Kd4 Rd8+ 48. Ke4 Re8+ 49. Kd4 $1 Re7 50. h4 Ra4+ 51. Kd3 (51. Kc3 $17) 51... Ng4 {And now ...Ne5+ would win.} 52. Rf5+ Ke8 {Hoping for ...Ne5+.} 53. Rc8+ (53. Kc2 $17) 53... Kd7 54. Rc3 (54. Rfc5 {keeps fighting.}) 54... Ne5+ 55. Kc2 Rxh4 56. Re3 Rc4+ 57. Kb1 Rc5 58. Ra3 a5 59. g4 Kd6 {aiming for ...Rb7+.} 60. Rf6+ Kd5 {White must now prevent ...Rb7+.} 61. Ra6 {[#]} (61. Ka2 $19) 61... Nc6 (61... Rb7+ $142 62. Ka1 Rc1+ 63. Ka2 Nc4 64. R6xa5+ Kd4 65. Rb3 Rf7 66. Rb2 Nxa5 67. Rb8 Nc4 68. Rb2 Ra7+ 69. Kb3 Rb7+ 70. Ka4 Nxb2+ 71. Ka5 Ra1#) 62. Rd3+ Kc4 63. Rd6 {Black mates.} Kb5 64. Ra8 Re1+ 65. Kb2 Re2+ 66. Kb1 Nb4 67. Rd1 Rcc2 {Precision: White = 37%, Black = 74%.} 0-1

[Event "1st Gujarat GM Open 2018"]
[Site "Ahmedabad"]
[Date "2018.10.09"]
[Round "6"]
[White "Ahmed, Sk. Nasir"]
[Black "Tukhaev, Adam"]
[Result "0-1"]
[WhiteElo "2234"]
[BlackElo "2556"]
[Annotator "TA"]
[PlyCount "78"]
[EventDate "2018.10.05"]
[EventType "swiss"]
[EventCountry "IND"]
[SourceTitle "playchess.com"]
[Source "ChessBase"]
[SourceQuality "1"]

{[%evp 20,78,44,22,42,10,1,18,12,-22,-21,-33,-16,-61,-54,-47,-49,-56,-66,-44,-54,-54,-56,-55,-63,-55,-66,-47,-46,-129,-140,-130,-131,-138,-132,-124,-131,-132,-109,-155,-160,-243,-243,-307,-307,-307,-307,-305,-300,-300,-300,-508,-508,-393,-392,-29942,-29943,-29943,-29943,-12848,-6604]} 1. e4 d6 2. d4 Nf6 3. Nc3 g6 4. f4 Bg7 5. Nf3 O-O 6. Bd3 Na6 7. O-O c5 8. d5 Bg4 9. h3 Bxf3 10. Rxf3 Nc7 11. Qe2 a6 {B09: Pirc Defence: Austrian Attack} 12. a4 e6 13. dxe6 Nxe6 {The position is equal.} 14. Be3 (14. Qf1 Nd4 15. Rf2 b5 16. axb5 axb5 17. Rxa8 Qxa8 18. e5 dxe5 19. fxe5 {½-½ (57) Starostits,I (2450)-Luckans,A (2452) Riga 2005}) 14... Nd4 $146 ({Predecessor:} 14... Re8 15. Raf1 Nd4 16. Bxd4 cxd4 17. Nd1 Nxe4 18. Bxe4 d5 19. f5 dxe4 {0-1 (33) Borge,N (2300)-Clausen,S (2250) Helsingor 1991}) 15. Bxd4 $1 cxd4 16. Nd1 Re8 $1 17. c4 {[#]} Nxe4 $1 {[%mdl 512]} 18. Bxe4 {[#] And now Qd3 would win.} d5 $1 {[%cal Rd5e4][%mdl 512]} 19. cxd5 {Hoping for f5.} f5 20. Nf2 fxe4 21. Nxe4 Qxd5 22. Re1 Re7 23. Qd3 $1 b5 {aiming for ...Rae8.} 24. Re2 ({White should play} 24. b3 $1 $15) 24... Rae8 $17 {[%cal Re7e4]} ({Don't take} 24... bxa4 25. Nc3 $15) 25. Ng3 Rxe2 ({Don't play} 25... bxa4 26. Rxe7 Rxe7 27. Qxa6 $15) 26. Nxe2 Qc4 $36 {[%mdl 2048] Keeping White busy.} 27. Kf2 Qxd3 28. Rxd3 bxa4 29. Nxd4 {[%mdl 4096] Endgame [#] KRB-KRN} Rb8 $1 30. Nc6 (30. Ke3 $17) 30... Rxb2+ $19 31. Kf3 Bf8 32. Rd4 a3 33. Ra4 a2 {Strongly threatening ...Rb3+.} 34. Ke4 Rxg2 35. Rxa6 $2 (35. Ra5) 35... Re2+ 36. Kd5 Rd2+ 37. Nd4 $2 {[#]} (37. Ke4 $19 Rd6 38. Rxa2 Rxc6 39. f5) 37... Rxd4+ $1 {[%mdl 512]} 38. Kxd4 {[#]} a1=Q+ $1 {[%mdl 512]} 39. Rxa1 Bg7+ {Precision: White = 42%, Black = 94%.} 0-1

[Event "1st Gujarat GM Open 2018"]
[Site "Ahmedabad"]
[Date "2018.10.09"]
[Round "6"]
[White "Sahil, Tickoo"]
[Black "Sa, Kannan"]
[Result "0-1"]
[WhiteElo "2217"]
[BlackElo "1977"]
[Annotator "TA"]
[PlyCount "80"]
[EventDate "2018.10.05"]
[EventType "swiss"]
[EventCountry "IND"]
[SourceTitle "playchess.com"]
[Source "ChessBase"]
[SourceQuality "1"]

{[%evp 9,80,50,60,58,69,67,72,76,110,83,102,110,105,83,77,76,87,78,97,77,92,74,82,67,121,104,101,64,90,95,250,246,243,93,85,84,77,51,75,49,77,0,0,-12,-18,-58,-39,-65,-38,-65,-64,-87,-19,-209,-194,-486,-479,-29980,-6295,-29985,-29986,-29986,-29987,-29993,-29994,-29994,-29995,-29995,-29996,-29996,-29997,-29997,-29998]} 1. d4 c5 2. d5 b5 3. e4 a6 4. a4 b4 5. a5 (5. Nd2 a5 6. e5 Ba6 7. Bxa6 Nxa6 8. Nc4 Nc7 9. Bg5 Qb8 10. Qf3 Ra6 11. O-O-O {1-0 (47) Laxman,R (2389)-Sai,V (2281) Noida 2016}) 5... d6 6. Bc4 {A43: Alt-Benoni} g6 7. Nf3 $146 ({Vorgänger:} 7. f4 Bg7 8. Nf3 Nd7 9. Qe2 f6 10. b3 Qc7 11. Bb2 {1-0 (29) Petrenko,S (2140)-Uzuneanu,G (1564) Braila 2017}) 7... Bg7 8. O-O {Weiß steht besser.} Bg4 9. Nbd2 Nd7 10. h3 Bxf3 11. Nxf3 Ngf6 12. Qe2 O-O 13. Bd2 Ne8 14. c3 bxc3 15. Bxc3 Nc7 16. Rfb1 Rb8 (16... Bf6 $14) 17. Bxg7 $16 Kxg7 18. b4 cxb4 19. Nd4 {Droht stark Sc6.} Nc5 $2 (19... Rb7 $16) 20. Nc6 $18 Qd7 21. Rxb4 ({Schwächer ist} 21. Nxb4 Kg8 $16) (21. Nxb8 $18 {ist der präzise Gewinnweg.} Rxb8 22. Qe1) 21... Rxb4 $16 22. Nxb4 {[%cal Rc4a6]} Ra8 23. Nc6 e6 24. Nb4 exd5 25. Bxd5 (25. Qb2+ $16 f6 26. Nxd5 Nxd5 27. Bxd5) 25... Rb8 $11 26. Bc6 Qe6 27. Nd5 Qe5 $1 $36 {[%cal Re5a1][%mdl 2048] Schwarz drückt.} 28. Re1 Rb2 29. Qc4 N7e6 30. Ne3 h5 (30... Nf4 $17 {Droht ...Scd3 und aus.} 31. Ng4 Ne2+ $1 {[%mdl 512]} 32. Kf1 Qc3 33. Qxc3+ Nxc3) 31. Bd5 $2 {[#]} (31. Qf1 $1 $11 {und Weiss muss sich keine Sorgen machen.}) 31... Nf4 $1 $19 32. Rf1 $2 (32. Bxf7 {ist eine bessere Verteidigung.} Qf6 33. Bxg6 Kxg6 34. Rf1 (34. Qg8+ $2 Qg7 $19)) 32... Ncd3 33. Bxf7 {[#]} (33. Qc7 $19 Ne2+ 34. Kh1) 33... Nxf2 $1 {[%mdl 512] ( -> ...S4xh3+!)} 34. Rxf2 {[#]} Nxh3+ $1 {[%mdl 512] Schwarz setzt Matt.} 35. gxh3 Qg3+ 36. Rg2 Qxe3+ 37. Kh2 Qf4+ 38. Kh1 Rb1+ 39. Rg1 Qf3+ 40. Kh2 Rb2+ {Precision: Weiß = 36%, Schwarz = 52%.} 0-1